Measuring Performance and Effectivity of Local Governments

Hľadanie riešení pri neefektívnej činnosti miestnych samospráv na Slovensku.

Guardado en:
Detalles Bibliográficos
Autor principal: Černěnko, Tomáš, 1981-
Formato: Capítulo de libro
Lenguaje:inglés
Materias:
Etiquetas: Agregar Etiqueta
Sin Etiquetas, Sea el primero en etiquetar este registro!

MARC

LEADER 00000nla a2200000 4500
001 0240681
005 20240502073921.7
041 0 |a eng 
044 |a SK 
245 1 0 |a Measuring Performance and Effectivity of Local Governments 
520 |a Hľadanie riešení pri neefektívnej činnosti miestnych samospráv na Slovensku. 
610 2 0 |a Slovensko 
610 2 0 |a samospráva miestna 
610 2 0 |a samospráva regionálna 
610 2 0 |a efektívnosť 
610 2 0 |a meranie 
610 2 0 |a výkonnosť 
100 1 |a Černěnko, Tomáš, 1981-